Sight to City: Europe #5 [pic] - Statistics

General Stats
  • This quiz has been taken 12 times
  • The average score is 4 of 16
Answer Stats
Picture Hint Answer % Correct
Alhambra Granada
75%
Erechtheion Athens
67%
Palace of the Parliament Bucharest
50%
Bryggen Bergen
42%
Sibelius Monument Helsinki
42%
_ Historic Center / _ Altstadt Salzburg
33%
Albrecht-Dürer-Haus Nuremberg
25%
St. Mark's Church Zagreb
25%
Cathedral-Basilica of Our Lady of the Pillar & Ebro River Zaragoza
25%
Isbjerget Aarhus
8%
_ Cheese Market @ Waagplein Alkmaar
8%
Barcos Moliceiros Aveiro
8%
Roche Tower Basel
8%
Gutenberg Castle Balzers
0%
Siida Inari
0%
"Three Swords Monument" / Sverd i fjell Stavanger
0%
No matching quizzes found
Score Distribution
Percent of People with Each Score
Percentile by Number Answered
Your Score History
You have not taken this quiz